|
|
|
|
| LEADER |
01247cam a2200373 a 4500 |
| 001 |
nkc20132507545 |
| 003 |
CZ PrNK |
| 005 |
20140225144540.0 |
| 007 |
ta |
| 008 |
131011s2013 xr g 000 f cze d |
| 015 |
|
|
|a cnb002507545
|
| 020 |
|
|
|a 978-80-206-1368-4
|q (váz.)
|
| 035 |
|
|
|a (OCoLC)864849152
|
| 040 |
|
|
|a KLG001
|b cze
|d ABA001
|
| 041 |
1 |
|
|a cze
|h eng
|
| 072 |
|
7 |
|a 821.111-3
|x Anglická próza, anglicky psaná
|2 Konspekt
|9 25
|
| 080 |
|
|
|a 821.111-31
|2 MRF
|
| 080 |
|
|
|a (0:82-312.4)
|2 MRF
|
| 100 |
1 |
|
|a Wallace, Edgar,
|d 1875-1932
|7 jn19990008883
|4 aut
|
| 240 |
1 |
0 |
|a Hand of power.
|l Česky
|7 aun2013795021
|
| 245 |
1 |
0 |
|a Doktor Laffin /
|c Edgar Wallace ; [přeložil František Heller]
|
| 260 |
|
|
|a Praha :
|b Naše vojsko,
|c 2013
|
| 300 |
|
|
|a 347 s. ;
|c 19 cm
|
| 500 |
|
|
|a Přeloženo z angličtiny
|
| 655 |
|
7 |
|a anglické romány
|7 fd131814
|2 czenas
|
| 655 |
|
7 |
|a detektivní romány
|7 fd132010
|2 czenas
|
| 655 |
|
9 |
|a English fiction
|2 eczenas
|
| 655 |
|
9 |
|a detective novels
|2 eczenas
|
| 700 |
1 |
|
|a Heller, František
|7 jk01040663
|4 trl
|
| 910 |
2 |
|
|a BOA001
|b 1-1322.073
|
| 990 |
|
|
|a BK
|
| 995 |
|
|
|a 01
|
| 991 |
|
|
|b 201402
|e b
|
| 996 |
6 |
|
|b 2610581545
|c 1-1322.073
|l MZK
|r Sklad / do 1 hodiny
|n 0
|p p.v.
|w 001401684
|u 000010
|a 1
|e BOA001
|j MZK50
|s P
|